Capacidades de investigación de las instituciones de educación superior y gobierno 2018 El Salvador (Registro nro. 30806)

Detalles MARC
000 -CABECERA
Longitud fija campo de control 00883nas a2200229 a 4500
003 - IDENTIFICADOR DELl NÚMERO DE CONTROL
Identificador del número de control OSt
005 - FECHA Y HORA DE LA ÚLTIMA TRANSACCIÓN
Fecha y hora de la última transacción 20190812145926.0
007 - CAMPO FIJO DE DESCRIPCIÓN FÍSICA
Campo fijo de descripción f&íacute;sica cb e
008 - CÓDIGOS DE INFORMACIÓN DE LONGITUD FIJA
Códigos de información de longitud fija 030604c2016 esp r 00011 spa d
022 ## - NÚMERO INTERNACIONAL NORMALIZADO PARA PUBLICACIONES SERIADAS
Número Internacional Normalizado para Publicaciones Seriadas 2519-5077
040 ## - FUENTE DE LA CATALOGACIÓN
Centro transcriptor BMC
082 ## - NÚMERO DE LA CLASIFICACIÓN DECIMAL DEWEY
Númeroo de clasificación 001.47284
100 1# - PUNTO DE ACCESO PRINCIPAL-NOMBRE DE PERSONA
9 (RLIN) 39381
Nombre de persona Salinas de Alens, Doris Ruth
245 10 - MENCIÓN DE TÍTULO
Título Capacidades de investigación de las instituciones de educación superior y gobierno 2018 El Salvador
Mención de responsabilidad, etc. [Doris Ruth Salinas de Alens, María Isabel Quintanilla de Campos, Sonia Montoya de Lesdesma]
260 ## - PUBLICACIÓN, DISTRIBUCIÓN, ETC. (PIE DE IMPRENTA)
Lugar de publicación, distribución, etc. San Salvador, El Salvador
Nombre del editor, distribuidor, etc. Consejo Nacional de Ciencia y Tecnología
Fecha de publicación, distribución, etc. Noviembre 2018
300 ## - DESCRIPCIÓN FÍSICA
Extensión 126 p.
Dimensiones 28 cm
490 ## - MENCIÓN DE SERIE
Mención de serie Ciencia y tecnología
650 #0 - PUNTO DE ACCESO ADICIONAL DE MATERIA - TÉRMINO DE MATERIA
Término de materia o nombre geográfico como elemento inicial Investigación
9 (RLIN) 4874
Subdivisión geográfica El Salvador
700 1# - PUNTO DE ACCESO ADICIONAL - NOMBRE DE PERSONA
9 (RLIN) 43931
Nombre de persona Quintanilla de Campos, María Isabel
700 1# - PUNTO DE ACCESO ADICIONAL - NOMBRE DE PERSONA
9 (RLIN) 39382
Nombre de persona Montoya de Ledesma, Sonia
942 ## - ENTRADA DE ELEMENTOS AGREGADOS (KOHA)
Fuente de clasificaión o esquema Dewey Decimal Classification
Koha [por defecto] tipo de item 2- Prensa y Revistas
Parte de clasificación prozim
Existencias
Suprimido Perdido Fuente de clasificación o esquema Estropeado Restricciones de uso No para préstamo Código de colección Localización permanente Localización actual Localización en estanter&íacute;as Fecha adquisición Fuente de adquisición Número de inventario Préstamos totales Signatura completa Código de barras Fecha última consulta Fecha del precio de reemplazo Tipo de item de Koha Fecha último préstamo
NULL NULL Dewey Decimal Classification NULL Prestable NULL NULL Biblioteca Centro Regional de Ilobasco Biblioteca Centro Regional de Ilobasco Sala Principal 25/09/2019 Donación UNICAES LI004535   001.472 CAP 1046454 10/10/2019 10/10/2019 2- Prensa y Revistas  
NULL NULL Dewey Decimal Classification NULL Prestable NULL NULL Biblioteca Centro Regional de Ilobasco Biblioteca Centro Regional de Ilobasco Sala Principal 25/09/2019 Donación UNICAES LI004536   001.472 CAP 1046455 10/10/2019 10/10/2019 2- Prensa y Revistas  
NULL NULL Dewey Decimal Classification NULL Prestable NULL NULL Biblioteca Miguel de Cervantes - UNICAES Biblioteca Miguel de Cervantes - UNICAES Sala Principal 29/07/2019 Donación - Dirección de Investigación y Proyección Social 000970   RVAR - 000970 1046272 15/08/2019 15/08/2019 2- Prensa y Revistas  
NULL NULL Dewey Decimal Classification NULL Prestable NULL NULL Biblioteca Miguel de Cervantes - UNICAES Biblioteca Miguel de Cervantes - UNICAES Sala Principal 29/07/2019 Donación - Dirección de Investigación y Proyección Social 000971   RVAR-000970 1046273 15/08/2019 15/08/2019 2- Prensa y Revistas  
NULL NULL Dewey Decimal Classification NULL Prestable NULL NULL Biblioteca Miguel de Cervantes - UNICAES Biblioteca Miguel de Cervantes - UNICAES Sala Principal 29/07/2019 Donación - Dirección de Investigación y Proyección Social 000972   RVAR - 000970 1046274 15/08/2019 15/08/2019 2- Prensa y Revistas  
NULL NULL Dewey Decimal Classification NULL Prestable NULL NULL Biblioteca Miguel de Cervantes - UNICAES Biblioteca Miguel de Cervantes - UNICAES Sala Principal 29/07/2019 Donación - Dirección de Investigación y Proyección Social 000973 1 RVAR - 000970 1046275 13/09/2019 15/08/2019 2- Prensa y Revistas 11/09/2019
NULL NULL Dewey Decimal Classification NULL Prestable NULL NULL Biblioteca Miguel de Cervantes - UNICAES Biblioteca Miguel de Cervantes - UNICAES Sala Principal 29/07/2019 Donación - Dirección de Investigación y Proyección Social 000974   RVAR - 000970 1046276 15/08/2019 15/08/2019 2- Prensa y Revistas